Ciudades por imagen #3 - Estadísticas

Estadísticas generales
  • Esta prueba ha sido intentada 33 veces
  • La puntuación promedio es 9 de 16
Estadísticas de respuestas
Imagen Respuesta % Correcto
Roma
100%
Rio de Janeiro
94%
Bilbao
90%
Dubai
90%
Las Vegas
90%
Sidney
90%
Atenas
71%
Marrakech
58%
Reikiavik
55%
Hong Kong
45%
Taipei
42%
Mostar
32%
Astaná
16%
Glasgow
13%
Tashkent
6%
Hanga Roa
3%
No se encontraron pruebas coincidentes
Distribución de puntuación
Porcentaje de gente con cada puntuación
Porcentaje por número respondido
Historial de tus puntuaciones
No has intentado esta prueba.